|
|
|
|
| LEADER |
00000cam a2200000 7i4500 |
| 001 |
0000161543 |
| 005 |
20160212.0 |
| 020 |
|
|
|a 9780753431146
|
| 090 |
0 |
0 |
|a 030
|b BOO
|
| 245 |
1 |
4 |
|a The book of...which?
|
| 260 |
|
|
|a London :
|b Kingfisher Publications Plc. ,
|c 2011
|
| 300 |
|
|
|a 63p. :
|b ill. ;
|c 20cm.
|
| 650 |
0 |
0 |
|a Curiosities and wonders
|x Juvenile literature
|
| 650 |
0 |
0 |
|a Questions and answers
|x Juvenile literature
|
| 999 |
|
|
|a 00265165
|b BUKU
|c JUNIOR BOOKS
|e PERPUSTAKAAN KOMUNITI PETALING JAYA
|
| 999 |
|
|
|a 00309724
|b BUKU
|c JUNIOR BOOKS
|e PERPUSTAKAAN KOMUNITI PETALING JAYA
|
| 999 |
|
|
|a 00316594
|b BUKU
|c JUNIOR BOOKS
|e PERPUSTAKAAN KOMUNITI PETALING JAYA
|
| 999 |
|
|
|a 00316595
|b BUKU
|c JUNIOR BOOKS
|e PERPUSTAKAAN KOMUNITI PETALING JAYA
|
| 999 |
|
|
|a 00316596
|b BUKU
|c JUNIOR BOOKS
|e PERPUSTAKAAN KOMUNITI CAW KOTA DAMANSARA
|